The Hazelbourne ladies motorcycle and flying club : (Record no. 397213)
[ view plain ]
| 000 -LEADER | |
|---|---|
| fixed length control field | 02779nam a2200385 i 4500 |
| 001 - CONTROL NUMBER | |
| control field | in902845577 |
| 005 - DATE AND TIME OF LATEST TRANSACTION | |
| control field | 20240605084750.0 |
| 008 - FIXED-LENGTH DATA ELEMENTS--GENERAL INFORMATION | |
| fixed length control field | 240425s2024 nyu d 000 1 eng d |
| 020 ## - INTERNATIONAL STANDARD BOOK NUMBER | |
| International Standard Book Number | 9780593946695 |
| Qualifying information | (large print ; |
| -- | paperback) |
| 040 ## - CATALOGING SOURCE | |
| Original cataloging agency | TnLvILS |
| Language of cataloging | eng |
| Description conventions | rda |
| Transcribing agency | TnLvILS |
| 043 ## - GEOGRAPHIC AREA CODE | |
| Geographic area code | e-uk--- |
| 092 ## - LOCALLY ASSIGNED DEWEY CALL NUMBER (OCLC) | |
| Classification number | Large Print Fiction |
| Item number | Simonson |
| 100 1# - MAIN ENTRY--PERSONAL NAME | |
| Personal name | Simonson, Helen, |
| Relator term | author. |
| 9 (RLIN) | 5744542 |
| 245 14 - TITLE STATEMENT | |
| Title | The Hazelbourne ladies motorcycle and flying club : |
| Remainder of title | a novel / |
| Statement of responsibility, etc | Helen Simonson. |
| 250 ## - EDITION STATEMENT | |
| Edition statement | First large print edition. |
| 250 ## - EDITION STATEMENT | |
| Edition statement | Large print edition. |
| 264 #1 - Production, Publication, Distribution, Manufacture, and Copyright Notice. | |
| Place of production, publication, distribution, manufacture | New York : |
| Name of producer, publisher, distributor, manufacturer | Random House Large Print, |
| Date of production, publication, distribution, manufacture, or copyr | [2024] |
| 300 ## - PHYSICAL DESCRIPTION | |
| Extent | 624 pages (large print) ; |
| Dimensions | 24 cm. |
| 336 ## - Content Type | |
| Content type term | text |
| 337 ## - Media type | |
| Media type term | unmediated |
| 338 ## - Carrier type | |
| Carrier type term | volume |
| 520 ## - SUMMARY, ETC. | |
| Summary, etc | "Constance Haverhill is without prospects. Her mother has just passed away, her brother is newly married, and now that the Great War is over, she has been asked to give up managing the estate she helped to run when the men all joined the army. It is suggested to her that she become a governess. But first, she will act as caretaker to Mrs. Fog, an old family friend who is convalescing at a seaside resort. Constance is soon swept up in the social whirl of the Meredith Hotel and its colorful inhabitants, most notably, Poppy Wirrall. Poppy wears trousers, operates a taxi and delivery service to employ local women, and manages a ladies' motorcycle club. She and her friends welcome Constance into their circle, despite the differences in their stations--Poppy is, for all her empowered modernity, the daughter of a land-owning gentleman, while Constance has only weeks before she must find a position and a home. Constance soon learns, however, that not everything is as it seems in this pocket of English high society. As her connection to this new group deepens and she makes a powerful impression on Poppy's recalcitrant but handsome brother--a former fighter pilot who recently lost a leg in battle--old secrets come to light. Soon, the women are forced to confront the fact that the freedoms they gained during the war are likely to be revoked as the country settles into a hard-won peace"-- |
| 650 #0 - SUBJECT ADDED ENTRY--TOPICAL TERM | |
| Topical term or geographic name as entry element | Women |
| General subdivision | Societies and clubs |
| Form subdivision | Fiction. |
| 9 (RLIN) | 5685154 |
| 650 #0 - SUBJECT ADDED ENTRY--TOPICAL TERM | |
| Topical term or geographic name as entry element | Female friendship |
| Form subdivision | Fiction. |
| 9 (RLIN) | 5674580 |
| 650 #0 - SUBJECT ADDED ENTRY--TOPICAL TERM | |
| Topical term or geographic name as entry element | Sex role |
| Form subdivision | Fiction. |
| 9 (RLIN) | 5679117 |
| 650 #0 - SUBJECT ADDED ENTRY--TOPICAL TERM | |
| Topical term or geographic name as entry element | World War, 1914-1918 |
| Form subdivision | Fiction. |
| 9 (RLIN) | 5695097 |
| 650 #0 - SUBJECT ADDED ENTRY--TOPICAL TERM | |
| Topical term or geographic name as entry element | Seaside resorts |
| Form subdivision | Fiction. |
| 9 (RLIN) | 5731896 |
| 650 #0 - SUBJECT ADDED ENTRY--TOPICAL TERM | |
| Topical term or geographic name as entry element | Large type books. |
| 651 #0 - SUBJECT ADDED ENTRY--GEOGRAPHIC NAME | |
| Geographic name | Great Britain |
| General subdivision | Social life and customs |
| Chronological subdivision | 20th century |
| Form subdivision | Fiction. |
| 9 (RLIN) | 6362480 |
| 655 #7 - INDEX TERM--GENRE/FORM | |
| Genre/form data or focus term | Historical fiction. |
| Source of term | lcgft. |
| 655 #7 - INDEX TERM--GENRE/FORM | |
| Genre/form data or focus term | Novels. |
| Source of term | lcgft. |
| 655 #7 - INDEX TERM--GENRE/FORM | |
| Genre/form data or focus term | Large print books. |
| Source of term | lcgft. |
| 9 (RLIN) | 5777956 |
| 907 ## - LOCAL DATA ELEMENT G, LDG (RLIN) | |
| a | .b490421453 |
| 942 ## - ADDED ENTRY ELEMENTS (KOHA) | |
| Source of classification or shelving scheme | Dewey Decimal Classification |
| Koha item type | BOOK |
| Withdrawn status | Lost status | Source of classification or shelving scheme | Damaged status | Not for loan | Collection code | Home library | Current library | Shelving location | Date acquired | Source of acquisition | Total Checkouts | Total Renewals | Full call number | Barcode | Date last seen | Date checked out | Cost, replacement price | Price effective from | Koha item type |
|---|---|---|---|---|---|---|---|---|---|---|---|---|---|---|---|---|---|---|---|
| Dewey Decimal Classification | Large Print | Wasatch County Library | Wasatch County Library | First Floor | 06/05/2024 | Micromarketing | 8 | 4 | F Simonson | 34301002084053 | 08/15/2025 | 07/14/2025 | 31.00 | 06/05/2024 | BOOK |
